Countries With The Most - Fruits and Nuts - Imports and Exports - Statistics

General Stats
  • This quiz has been taken 38 times
    28 since last reset
  • The average score is 17 of 20
Answer Stats
$ (2022) Answer % Correct
15 billions United States
100%
24 billions United States
100%
5,5 billions China
96%
17 billions China
96%
4,8 billions Russia
96%
6,3 billions France
93%
4,4 billions India
93%
8,7 billions Mexico
93%
10 billions Spain
93%
3,8 billions Spain
93%
6,1 billions United Kingdom
93%
12 billions Germany
89%
5,6 billions Canada
85%
4,9 billions Turkey
78%
4,7 billions Peru
67%
8,0 billions Chile
63%
5,7 billions Thailand
63%
7,4 billions Netherlands
59%
7,9 billions Netherlands
59%
4,6 billions Vietnam
59%
No matching quizzes found
Score Distribution
Percent of People with Each Score
Percentile by Number Answered
Your Score History
You have not taken this quiz since the last reset